000 00462nam a2200181Ia 4500
001 11443
005 20260306162828.0
008 260306t1981||||xx |||||||||||||| ||spa||
041 _aESP
082 _a985.051
_bV66
100 _aVillanueva Urteaga, Horacio
_eAUT
245 0 _aGamarra y la iniciación republicana en el Cuzco
260 _c1981
300 _axlvii, 310 pƔginas :
_c21 cm.
650 _aGEN
654 _aCHU
942 _cLIB
_dJUS
_fJUS
_2ddc
_n
999 _c11443
_d11443